000
00338nam a2200145Ia 4500
008
240624s9999 xx 000 0 und d
041
_a
eng
082
_a
005.133 WAL
100
_a
WALL LARRY
245
_a
PROGRAMMING PERL
250
_a
(3rd ed.)
260
_c
2000
_a
Mumbai
_b
Shroff
300
_a
xxxiii, : 1067 : cm. ; 23
365
_c
RS
999
_c
2088
_d
2088